00450nam a22001457a 450000500170000001000150001702000260003203500140005803700090007208200080008124501080008926000480019727000340024530000250027920240514114248.0 aENG-140316 c589.00a9789390663668 aEN-123848 bDBAD a881 aPoetic Anthology WPC-5:bPoetry: The Last Hope Of Mankind/cEdited By Charles Lipanda Mahigwe...[et.al] aGurugrambGlobal Fraternity Of Poets c2024 aH-23/16,DLF Phase-1bGurugram aVIII,153p.c21cm(pb)